00286nam a22001337a 4500003000400000020001800004082001900022100001600041245003600057250001600093260002000109300000800129650001500137SGT a9788131267929 a616.0707bR23V aVinay Kumar aRobbins & Kumar Basic Pathology a11th S. A>  bElsevier c2023 a828 aPathology